[Event "Bhilwara op"]
[Site "Bhilwara"]
[Date "2024.12.28"]
[Round "8"]
[White "Aaradhya, Upadhyay"]
[Black "Jalap, Indraj"]
[Result "1-0"]
[WhiteElo "1556"]
[BlackElo "1728"]
[PlyCount "69"]
[EventDate "2024.12.24"]
[EventType "swiss"]
[EventRounds "9"]
[EventCountry "IND"]
[SourceTitle "CB02_2025"]
[SourceDate "2025.01.08"]
[SourceVersion "1"]
[SourceVersionDate "2025.01.08"]
[SourceQuality "1"]

1. d4 d5 2. Bf4 c5 3. c3 Nc6 4. e3 Nf6 5. Nd2 e6 6. Ngf3 Bd6 7. Bxd6 Qxd6 8. Be2 0-0 9. 0-0 Re8 10. Qc2 cxd4 11. exd4 Bd7 12. Bd3 Rac8 13. Rfe1 h6 14. Qb3 a6 15. Ne5 b5 16. a3 Na5 17. Qc2 Bc6 18. f4 Ba8 19. f5 Nc4 20. fxe6 fxe6 21. Ndxc4 dxc4 22. Bg6 Rf8 23. Rf1 a5 24. Rf2 b4 25. axb4 axb4 26. Raf1 Rc7 27. h3 Bc6 28. h4 Be8 29. Bxe8 Rxe8 30. Qg6 bxc3 31. bxc3 Rf8 32. Rxf6 Rxf6 33. Rxf6 Qa3 34. Qe8+ Kh7 35. Rf8 1-0